00423nam a2200169Ia 4500008004000000020001800040041000800058082001300066100001700079245004300096260005000139300001200189650001200201650001500213650001400228650001100242210210b2019 xxu||||| |||| 00| 0 eng d a9788120743786 aeng a320 JOHP aJOHARI (J C) aPrinciples of modern political science aNew DelhibSterlilng Publishers Pvt Ltdc2019 axii,660 ascience aPrinciples apolitical amodern